[Event "Titled Tue 20th May Late"]
[Site "chess.com INT"]
[Date "2025.05.20"]
[Round "1"]
[White "Di Benedetto, Guillermo"]
[Black "Salinas Herrera, Pablo"]
[Result "0-1"]
[WhiteTitle "FM"]
[BlackTitle "GM"]
[WhiteElo "2289"]
[BlackElo "2447"]
[WhiteFideId "111120"]
[BlackFideId "3407128"]
[EventDate "2025.05.20"]

1. d4 d5 2. c4 e6 3. Nf3 h6 4. g3 Nf6 5. Bg2 Bd6 6. O-O O-O 7. Qc2 b6 8. cxd5
exd5 9. Nc3 a6 10. Rd1 Bb7 11. Ne5 Nbd7 12. Bf4 Re8 13. Nxd7 Qxd7 14. Bxd6 Qxd6
15. Rac1 Re7 16. e3 h5 17. Qf5 g6 18. Qg5 Kg7 19. Rc2 Rae8 20. Qf4 Qd8 21. Rdc1
Re6 22. Ne2 c6 23. Qf3 Ne4 24. Nf4 Rf6 25. h4 c5 26. Qd1 c4 27. b3 b5 28. bxc4
dxc4 29. d5 Qb6 30. Re2 Rd6 31. Qd4+ Qxd4 32. exd4 Nf6 33. Re5 Red8 34. Re7 R8d7
35. Ne6+ Kg8 36. Rxd7 Nxd7 37. Nc5 Bxd5 38. Bxd5 Rxd5 39. Nxa6 Rxd4 40. Nb4 Ne5
41. Kg2 Rd2 42. Rc3 Ng4 43. Rf3 Rb2 44. a3 Kg7 45. Kf1 0-1

[Event "Titled Tue 20th May Late"]
[Site "chess.com INT"]
[Date "2025.05.20"]
[Round "1"]
[White "Donchenko, Alexander"]
[Black "Tkachenko, Erik"]
[Result "1-0"]
[WhiteTitle "GM"]
[WhiteElo "2615"]
[BlackElo "2028"]
[WhiteFideId "24603295"]
[BlackFideId "30902967"]
[EventDate "2025.05.20"]

1. d4 Nf6 2. c4 e6 3. g3 Bb4+ 4. Nd2 O-O 5. Bg2 c5 6. a3 Bxd2+ 7. Qxd2 cxd4 8.
Nf3 d5 9. cxd5 Nxd5 10. O-O Nc6 11. Nxd4 Qb6 12. Nxc6 bxc6 13. e4 Nf6 14. Qc2
Rd8 15. Be3 Qb5 16. Rfc1 Bd7 17. h3 a5 18. Bc5 Rab8 19. b4 Be8 20. Bf1 Qb7 21.
bxa5 h5 22. a6 Qc7 23. a7 Ra8 24. Rab1 Rxa7 25. Bb6 Qe7 26. Bc5 Qc7 27. Bb6 Qe7
28. Bxd8 Qxd8 29. Rd1 Qc7 30. a4 h4 31. g4 Qf4 32. Rd8 g6 33. Rbb8 Kh7 34. Rxe8
Nxe8 35. Rxe8 Rd7 36. Qc3 f6 37. Qe3 Qe5 38. Ra8 c5 39. a5 Qc7 40. a6 Qc6 41.
Rb8 c4 42. a7 1-0

[Event "Titled Tue 20th May Late"]
[Site "chess.com INT"]
[Date "2025.05.20"]
[Round "1"]
[White "Roebers, Eline"]
[Black "Albertini, Luca"]
[Result "1/2-1/2"]
[WhiteTitle "IM"]
[WhiteElo "2361"]
[BlackElo "2139"]
[WhiteFideId "1058401"]
[BlackFideId "847038"]
[EventDate "2025.05.20"]

1. f4 d5 2. Nf3 Nc6 3. g3 g6 4. Bg2 Bg7 5. O-O e5 6. fxe5 Nxe5 7. Nxe5 Bxe5 8.
d4 Bg7 9. c3 Ne7 10. Nd2 O-O 11. e4 Be6 12. e5 Rc8 13. Nf3 c5 14. Bg5 Qd7 15.
Qd2 cxd4 16. cxd4 Bf5 17. Rac1 Be4 18. Bf6 Nc6 19. Qg5 Qf5 20. Qh4 Qh5 21. Qxh5
gxh5 22. Bxg7 Kxg7 23. Rcd1 f6 24. exf6+ Rxf6 25. Ng5 Bxg2 26. Kxg2 Rcf8 27.
Rxf6 Rxf6 28. Nf3 Re6 29. Rd2 Re4 30. Rc2 Kf6 31. Rf2 Kg6 32. Rd2 Kf6 33. Rf2
Kg6 34. Rd2 Kf6 35. Rf2 1/2-1/2

[Event "Titled Tue 20th May Late"]
[Site "chess.com INT"]
[Date "2025.05.20"]
[Round "1"]
[White "Atis, Hasan"]
[Black "Paichadze, Luka"]
[Result "0-1"]
[WhiteTitle "CM"]
[BlackTitle "GM"]
[WhiteElo "2089"]
[BlackElo "2529"]
[WhiteFideId "44598017"]
[BlackFideId "13602934"]
[EventDate "2025.05.20"]

1. e4 c6 2. d4 d5 3. Nc3 g6 4. Nf3 Bg7 5. h3 Nh6 6. Bd3 f6 7. e5 Nf7 8. exf6
exf6 9. O-O O-O 10. Bf4 Re8 11. Re1 Rxe1+ 12. Qxe1 Nd7 13. Qe3 Nf8 14. Re1 Be6
15. Na4 b6 16. b3 Qd7 17. g4 Re8 18. Kh2 Qc8 19. Bg3 Bd7 20. Qd2 Ne6 21. c4 Bh6
22. Qc2 Nf4 23. Bf1 Rxe1 24. Nxe1 f5 25. Ng2 Ne6 26. cxd5 Nxd4 27. Qc4 c5 28.
gxf5 Bxf5 29. Ne3 b5 30. Qxc5 Nf3+ 31. Kg2 Ne1+ 32. Kg1 bxa4 33. Qxc8+ Bxc8 34.
bxa4 Nf3+ 35. Kg2 N3e5 36. f4 Nd7 37. Kf3 Bb7 38. Bc4 Nd6 39. Bb3 Kf7 40. Ng4
Bg7 41. Ne5+ Ke8 42. Ke3 Nf5+ 43. Kf3 Nxg3 44. Kxg3 Nxe5 45. fxe5 Bxe5+ 46. Kg4 0-1

[Event "Titled Tue 20th May Late"]
[Site "chess.com INT"]
[Date "2025.05.20"]
[Round "1"]
[White "Bogaudinov, Rushan"]
[Black "Demchenko, Anton"]
[Result "0-1"]
[WhiteTitle "FM"]
[BlackTitle "GM"]
[WhiteElo "1912"]
[BlackElo "2619"]
[WhiteFideId "4129288"]
[BlackFideId "4160258"]
[EventDate "2025.05.20"]

1. e4 c5 2. Nc3 Nc6 3. g3 d6 4. Bg2 Nf6 5. d3 e6 6. Nf3 Be7 7. O-O O-O 8. a4 a6
9. b3 Rb8 10. Bb2 b5 11. axb5 axb5 12. Re1 Nd7 13. d4 cxd4 14. Nxd4 Nxd4 15.
Qxd4 Ne5 16. Qe3 Bd7 17. Red1 Qc8 18. h3 Rd8 19. Rd2 Be8 20. f4 Nc6 21. Kh2 Qc7
22. h4 Bf6 23. Nd1 Bxb2 24. Nxb2 e5 25. c3 b4 26. fxe5 Nxe5 0-1

[Event "Titled Tue 20th May Late"]
[Site "chess.com INT"]
[Date "2025.05.20"]
[Round "1"]
[White "Buchenau, Frank"]
[Black "Drozdowski, Kacper"]
[Result "0-1"]
[WhiteTitle "FM"]
[BlackTitle "IM"]
[WhiteElo "2190"]
[BlackElo "2450"]
[WhiteFideId "4604350"]
[BlackFideId "1136720"]
[EventDate "2025.05.20"]

1. e4 c5 2. g3 d5 3. exd5 Qxd5 4. Nf3 Nc6 5. Bg2 Bg4 6. d3 Nf6 7. h3 Bh5 8. O-O
Qd7 9. Na3 e6 10. Nc4 Bxf3 11. Bxf3 Be7 12. Bf4 O-O 13. Ne5 Nxe5 14. Bxe5 Nd5
15. c4 Nb4 16. Bc3 Rad8 17. Qe2 Qxd3 18. Qxd3 Nxd3 19. Bxb7 Rb8 20. Be4 Nxb2 21.
Be5 Rb4 22. Bc3 Rxc4 23. Bxh7+ Kxh7 24. Bxb2 Rc2 25. Be5 Rd8 26. Bf4 Rd3 27.
Rfd1 Rxa2 28. Rxd3 Rxa1+ 29. Kg2 Kg6 30. Rd7 Bf6 31. Be3 c4 32. Rc7 c3 33. Bxa7
Be5 34. Rc5 Bd4 0-1

[Event "Titled Tue 20th May Late"]
[Site "chess.com INT"]
[Date "2025.05.20"]
[Round "1"]
[White "Cramling Bellon, Anna"]
[Black "Burmakin, Vladimir"]
[Result "0-1"]
[WhiteTitle "WFM"]
[BlackTitle "GM"]
[WhiteElo "2046"]
[BlackElo "2435"]
[WhiteFideId "32009232"]
[BlackFideId "4105109"]
[EventDate "2025.05.20"]

1. d4 d5 2. c4 e6 3. Nc3 Be7 4. cxd5 exd5 5. Bf4 c6 6. e3 Bd6 7. Nf3 Bxf4 8.
exf4 Ne7 9. Bd3 Bf5 10. O-O Bxd3 11. Qxd3 O-O 12. Ng5 Ng6 13. Qh3 h6 14. Nf3
Nxf4 15. Qf5 Ne6 16. Rfe1 Nd7 17. Rad1 Qf6 18. Qg4 Rfe8 19. Ne5 Nxe5 20. Rxe5
Nxd4 21. f4 Ne6 22. Ne2 Nc5 23. Rxe8+ Rxe8 24. Nd4 Ne6 25. Ne2 Qxb2 26. f5 Ng5
27. Nf4 Ne4 28. Nh5 Qb6+ 29. Kh1 Nf2+ 30. Kg1 0-1

[Event "Titled Tue 20th May Late"]
[Site "chess.com INT"]
[Date "2025.05.20"]
[Round "1"]
[White "Weidenhoefer, Max"]
[Black "Lortkipanidze, Nodar"]
[Result "0-1"]
[WhiteTitle "CM"]
[BlackTitle "IM"]
[WhiteElo "2171"]
[BlackElo "2359"]
[WhiteFideId "16230566"]
[BlackFideId "13604058"]
[EventDate "2025.05.20"]

1. d4 e6 2. e4 d5 3. e5 c5 4. c3 Bd7 5. Nf3 Qb6 6. Be2 Bb5 7. O-O Bxe2 8. Qxe2
cxd4 9. Nxd4 Nc6 10. Nxc6 bxc6 11. Be3 Bc5 12. Bxc5 Qxc5 13. Nd2 Ne7 14. Nb3 Qb6
15. Kh1 O-O 16. f4 Rab8 17. Rad1 a5 18. Rd2 c5 19. Rf3 Rfd8 20. Rh3 a4 21. Nc1
d4 22. cxd4 cxd4 23. Nd3 Rbc8 24. Qe4 h6 25. Rf3 Qa5 26. Rff2 a3 27. b3 Qc3 28.
g4 Nd5 29. f5 Ne3 30. Rde2 Qxd3 31. Qxd3 Rc1+ 32. Re1 Rxe1+ 33. Rf1 Rxf1+ 34.
Qxf1 Nxf1 35. Kg2 d3 36. Kxf1 d2 0-1

[Event "Titled Tue 20th May Late"]
[Site "chess.com INT"]
[Date "2025.05.20"]
[Round "1"]
[White "Arabidze, Meri"]
[Black "Hiermann, Dietmar"]
[Result "1-0"]
[WhiteTitle "IM"]
[BlackTitle "FM"]
[WhiteElo "2440"]
[BlackElo "2216"]
[WhiteFideId "13604040"]
[BlackFideId "1602918"]
[EventDate "2025.05.20"]

1. d4 Nf6 2. c4 e6 3. Nf3 b6 4. g3 Ba6 5. Qa4 Be7 6. Bg2 O-O 7. O-O d5 8. Ne5
Qe8 9. Qc2 Nc6 10. Rd1 Rd8 11. cxd5 Nxe5 12. dxe5 Nxd5 13. a3 c5 14. h4 Qb5 15.
e4 Nc7 16. Nc3 Qc6 17. Bg5 Bxg5 18. hxg5 Nb5 19. Qa4 Rd4 20. Qxa6 Nc7 21. Qe2 b5
22. a4 b4 23. Nb5 Nxb5 24. axb5 Qc7 25. f4 Rfd8 26. Rxd4 cxd4 27. Rd1 Qc5 28.
Kh2 b3 29. Qd3 Qb4 30. Ra1 Rd7 31. Ra3 Qe1 32. Rxb3 g6 33. b6 axb6 34. Rxb6 Rc7
35. Qxd4 Rc1 36. f5 gxf5 37. Rb8+ Kg7 38. exf5 exf5 39. e6+ Kg6 40. Qf6+ Kh5 41.
Qh6+ Kg4 42. Qh4# 1-0

[Event "Titled Tue 20th May Late"]
[Site "chess.com INT"]
[Date "2025.05.20"]
[Round "1"]
[White "Sobek, Jaroslav"]
[Black "Serban, Cristian-Stefan"]
[Result "0-1"]
[WhiteTitle "FM"]
[BlackTitle "FM"]
[WhiteElo "2195"]
[BlackElo "2332"]
[WhiteFideId "301388"]
[BlackFideId "1241443"]
[EventDate "2025.05.20"]

1. d4 d5 2. c4 e6 3. Nc3 c6 4. Nf3 dxc4 5. a4 Bb4 6. e3 b5 7. Bd2 a5 8. axb5
Bxc3 9. Bxc3 cxb5 10. b3 Bb7 11. bxc4 b4 12. Bb2 Nf6 13. Bd3 O-O 14. O-O Nbd7
15. Nd2 Qc7 16. Bc2 e5 17. d5 Nc5 18. Nb3 Nfd7 19. f4 e4 20. Nxc5 Nxc5 21. Bd4
Rfe8 22. f5 f6 23. Qg4 Kh8 24. Rf4 b3 25. Bb1 a4 26. Qh5 Rf8 27. Rh4 h6 28. Qg6
Nd3 29. Bxd3 exd3 30. Rf1 a3 0-1

[Event "Titled Tue 20th May Late"]
[Site "chess.com INT"]
[Date "2025.05.20"]
[Round "1"]
[White "Shafer, Logan C"]
[Black "Yilmaz, Mustafa"]
[Result "0-1"]
[WhiteTitle "CM"]
[BlackTitle "GM"]
[WhiteElo "2291"]
[BlackElo "2586"]
[WhiteFideId "30993342"]
[BlackFideId "6302718"]
[EventDate "2025.05.20"]

1. d4 Nf6 2. c4 e6 3. g3 c5 4. d5 exd5 5. cxd5 d6 6. e4 g6 7. f3 Bg7 8. Kf2 O-O
9. Nc3 a6 10. a4 Ne8 11. Kg2 Nd7 12. h4 h6 13. h5 g5 14. Nh3 f5 15. exf5 Rxf5
16. Bd3 Rf8 17. Nf2 Ne5 18. Be4 Nf6 19. f4 Nxe4 20. Ncxe4 gxf4 21. Bxf4 Bf5 22.
Qe2 Qd7 23. Ra3 Rae8 24. Rh4 b5 25. axb5 axb5 26. Ra6 Nc4 27. b3 Qb7 28. Rc6 Na5
29. Rxd6 Nxb3 30. Qf3 Nd4 31. Nxc5 Nxf3 32. Nxb7 Nxh4+ 33. gxh4 Bc8 34. Bxh6
Bxh6 35. Rxh6 Bxb7 36. Ng4 Bxd5+ 37. Kh2 Re2+ 38. Kg1 Rg2+ 39. Kh1 Rf1# 0-1

[Event "Titled Tue 20th May Late"]
[Site "chess.com INT"]
[Date "2025.05.20"]
[Round "1"]
[White "Mekhitarian, Krikor Sevag"]
[Black "Jacobsen, Mikkel Manosri"]
[Result "1-0"]
[WhiteTitle "GM"]
[BlackTitle "FM"]
[WhiteElo "2564"]
[BlackElo "2223"]
[WhiteFideId "2107660"]
[BlackFideId "1444514"]
[EventDate "2025.05.20"]

1. Nf3 d5 2. c4 e6 3. d4 a6 4. cxd5 exd5 5. Nc3 h6 6. Bf4 Nf6 7. e3 Bd6 8. Bxd6
Qxd6 9. Qb3 O-O 10. Bd3 Re8 11. O-O c6 12. Ne5 Nbd7 13. f4 c5 14. Qa3 Rb8 15.
Rad1 b5 16. dxc5 Nxc5 17. Qa5 Rxe5 18. fxe5 Qxe5 19. Qd8+ Ne8 20. Nxd5 Be6 21.
Ne7+ Kh8 22. Qd4 Qh5 23. Bf5 Bxf5 24. Rxf5 1-0

[Event "Titled Tue 20th May Late"]
[Site "chess.com INT"]
[Date "2025.05.20"]
[Round "1"]
[White "Galchenko, Matvey"]
[Black "Thorhallsson, Simon"]
[Result "1-0"]
[WhiteTitle "IM"]
[BlackTitle "FM"]
[WhiteElo "2442"]
[BlackElo "2218"]
[WhiteFideId "24175480"]
[BlackFideId "2310090"]
[EventDate "2025.05.20"]

1. f4 g6 2. Nf3 Bg7 3. g3 c5 4. Bg2 Nc6 5. O-O Nf6 6. d3 d5 7. Nc3 O-O 8. e4 d4
9. Ne2 e5 10. h3 exf4 11. gxf4 Nh5 12. f5 Ne5 13. Nf4 Nxf3+ 14. Qxf3 Nxf4 15.
Bxf4 Kh8 16. Qg3 gxf5 17. exf5 Rg8 18. Kh1 Bf6 19. Qf3 Qd7 20. Rae1 a5 21. Qh5
Ra6 22. Be5 Bxe5 23. Rxe5 b6 24. Qh4 Bb7 25. Qf6+ Rg7 26. Rg1 Ra8 27. Re7 Qxe7
28. Qxe7 Rxg2 29. Rxg2 Rg8 30. Qxb7 1-0

[Event "Titled Tue 20th May Late"]
[Site "chess.com INT"]
[Date "2025.05.20"]
[Round "1"]
[White "Myagmarsuren, Evsuld"]
[Black "Panarin, Mikhail"]
[Result "0-1"]
[WhiteTitle "FM"]
[BlackTitle "GM"]
[WhiteElo "2292"]
[BlackElo "2562"]
[WhiteFideId "1551639"]
[BlackFideId "4153251"]
[EventDate "2025.05.20"]

1. e4 c6 2. d4 d5 3. exd5 cxd5 4. Bd3 Nc6 5. c3 Qc7 6. h3 g6 7. Qc2 f6 8. Ne2 e5
9. dxe5 fxe5 10. O-O Bg7 11. Re1 Nge7 12. Ng3 O-O 13. Be3 Nf5 14. Nxf5 gxf5 15.
f4 e4 16. Bb5 Be6 17. Nd2 d4 18. cxd4 Rac8 19. Nb3 Qf7 20. Qf2 Bxb3 21. axb3
Qxb3 22. Bxc6 Rxc6 23. Rxa7 Rc2 24. Qg3 Qxb2 25. d5 Kh8 26. Rd1 Rg8 27. Qxg7+
Qxg7 28. Bd4 Rxg2+ 29. Kf1 Qxd4 30. Rxd4 e3 31. d6 Rf2+ 32. Ke1 Rg1# 0-1

[Event "Titled Tue 20th May Late"]
[Site "chess.com INT"]
[Date "2025.05.20"]
[Round "1"]
[White "Alfaro, William"]
[Black "Msellek, Ilyass"]
[Result "0-1"]
[WhiteTitle "FM"]
[BlackTitle "IM"]
[WhiteElo "2077"]
[BlackElo "2406"]
[WhiteFideId "6100457"]
[BlackFideId "675938"]
[EventDate "2025.05.20"]

1. d4 d6 2. Nf3 Bf5 3. c4 Nf6 4. Nc3 g6 5. Qb3 b6 6. Nh4 Bd7 7. e4 e5 8. Nf3 Nc6
9. d5 Ne7 10. h3 Bg7 11. Be3 O-O 12. g4 c6 13. Bd3 Kh8 14. Nd2 Nfg8 15. f3 f5
16. O-O-O Rb8 17. g5 a6 18. h4 h5 19. gxh6 Bxh6 20. Bg5 b5 21. Rdg1 bxc4 22.
Qxc4 cxd5 23. Nxd5 Rc8 24. Nxe7 Rxc4+ 25. Nxc4 Qxe7 26. Ne3 Bxg5 27. hxg5+ Kg7
28. exf5 gxf5 29. Bc2 Rc8 0-1

[Event "Titled Tue 20th May Late"]
[Site "chess.com INT"]
[Date "2025.05.20"]
[Round "1"]
[White "Shuvalov, Evgenij"]
[Black "Romero Ruscalleda, Josep"]
[Result "1-0"]
[BlackTitle "FM"]
[WhiteElo "1986"]
[BlackElo "2110"]
[WhiteFideId "4187237"]
[BlackFideId "2231859"]
[EventDate "2025.05.20"]

1. d4 g6 2. c4 Bg7 3. e4 d6 4. Nc3 Nc6 5. Be3 e5 6. d5 Nce7 7. g4 f5 8. gxf5
gxf5 9. Qh5+ Kf8 10. exf5 Nf6 11. Qd1 Nxf5 12. Qd2 Nxe3 13. fxe3 Bg4 14. Be2 Qd7
15. O-O-O Ke7 16. Nf3 Bxf3 17. Bxf3 a6 18. Rdf1 Raf8 19. Bg2 Bh6 20. Nd1 Qa4 21.
b3 Qa3+ 22. Kb1 Kd8 23. Bh3 Nd7 24. Bxd7 Kxd7 25. Qg2 Kd8 26. Qh3 Bg7 27. Rhg1
Bf6 28. Qe6 Be7 29. Rg7 Re8 30. Rff7 Qa5 31. Rxe7 Qd2 32. Qd7# 1-0

[Event "Titled Tue 20th May Late"]
[Site "chess.com INT"]
[Date "2025.05.20"]
[Round "1"]
[White "Pranesh, M"]
[Black "Rees, Ioan"]
[Result "1-0"]
[WhiteTitle "GM"]
[BlackTitle "FM"]
[WhiteElo "2576"]
[BlackElo "2288"]
[WhiteFideId "35028600"]
[BlackFideId "1801236"]
[EventDate "2025.05.20"]

1. d4 Nf6 2. Nf3 g6 3. Bg5 Bg7 4. Nbd2 d6 5. e4 O-O 6. Bd3 h6 7. Bh4 g5 8. Bg3
Nh5 9. Nxg5 Nxg3 10. hxg3 hxg5 11. Qh5 Re8 12. Nf3 e5 13. dxe5 dxe5 14. Nxg5 Qf6
15. Bc4 Be6 16. Bxe6 Rxe6 17. Nxe6 Qxe6 18. O-O-O Nc6 19. Kb1 a5 20. a3 b5 21.
Qh7+ Kf8 22. Rh5 b4 23. Rg5 Qf6 24. Rf5 Qe6 25. Rd3 Nd4 26. Rg5 Qf6 27. f4 exf4
28. Rxg7 Qxg7 29. Qxg7+ Kxg7 30. Rxd4 bxa3 31. gxf4 axb2 32. Kxb2 Kf6 33. g4 Ke6
34. Rc4 Kd7 35. Rc5 Rb8+ 36. Kc3 Rb4 37. Kd3 Ra4 38. g5 Ra1 39. Kd4 Kd6 40. e5+
Kd7 41. Ke4 a4 42. Ra5 a3 43. Kf5 Ke7 44. Ra7 Kd7 45. Kf6 Rf1 46. f5 Rf2 47.
Rxa3 Rxc2 48. Kxf7 c5 49. e6+ Kd6 50. e7 1-0

[Event "Titled Tue 20th May Late"]
[Site "chess.com INT"]
[Date "2025.05.20"]
[Round "1"]
[White "Bancod, Ronald"]
[Black "Rostomyan, Mikayel"]
[Result "0-1"]
[WhiteTitle "IM"]
[BlackTitle "FM"]
[WhiteElo "2106"]
[BlackElo "2325"]
[WhiteFideId "5200938"]
[BlackFideId "13313754"]
[EventDate "2025.05.20"]

1. e4 c5 2. Nf3 e6 3. d3 Nc6 4. Nbd2 g6 5. g3 Bg7 6. Bg2 Nge7 7. O-O O-O 8. Re1
d5 9. e5 Qc7 10. Qe2 Bd7 11. c3 f6 12. exf6 Bxf6 13. Nb3 b6 14. Bf4 Qb7 15. d4
c4 16. Nbd2 Rae8 17. b3 b5 18. bxc4 dxc4 19. Ne5 Nd5 20. Bxd5 exd5 21. Ndf3 Bf5
22. Qd2 Be4 23. a4 a6 24. axb5 axb5 25. Nxc6 Qxc6 26. Ne5 Qe6 27. f3 Bxe5 28.
dxe5 Bxf3 29. Ra7 Rf7 30. Rea1 h5 0-1

[Event "Titled Tue 20th May Late"]
[Site "chess.com INT"]
[Date "2025.05.20"]
[Round "1"]
[White "Atkeson, Christopher Timothy"]
[Black "Martinez Ramirez, Lennis"]
[Result "0-1"]
[BlackTitle "IM"]
[WhiteElo "2031"]
[BlackElo "2438"]
[WhiteFideId "39956547"]
[BlackFideId "3509079"]
[EventDate "2025.05.20"]

1. e4 c6 2. d4 d5 3. f3 e6 4. e5 c5 5. c3 Nc6 6. f4 Qa5 7. Nf3 cxd4 8. Nxd4 Nh6
9. Nxc6 bxc6 10. Bd3 Qb6 11. Qe2 Nf5 12. Bxf5 exf5 13. Nd2 Ba6 14. Qf2 Bc5 15.
Qg3 O-O 16. Nb3 Rab8 17. Nxc5 Qxc5 18. Be3 Qc4 19. Qf2 d4 20. Bxd4 Rfd8 21. b3
Qd3 22. Qd2 Qe4+ 23. Kf2 c5 24. Qe3 Qc2+ 25. Kg3 cxd4 26. cxd4 Bb7 27. Rhg1 Rbc8
28. Rac1 Qe4 29. Qxe4 fxe4 30. Rcd1 Bd5 31. Rd2 Rc3+ 32. Kh4 g6 33. g4 Kg7 34.
f5 Rf3 35. f6+ Kf8 36. Rc1 h6 37. h3 g5+ 0-1

[Event "Titled Tue 20th May Late"]
[Site "chess.com INT"]
[Date "2025.05.20"]
[Round "1"]
[White "Rustemov, Alexander"]
[Black "Zlatin, Alexander"]
[Result "0-1"]
[WhiteTitle "GM"]
[BlackTitle "FM"]
[WhiteElo "2525"]
[BlackElo "2306"]
[WhiteFideId "4119002"]
[BlackFideId "2810549"]
[EventDate "2025.05.20"]

1. d4 Nf6 2. c4 d6 3. Nf3 g6 4. Nc3 Bg7 5. g3 O-O 6. Bg2 Nc6 7. O-O e5 8. d5 Ne7
9. e4 c5 10. Ne1 Bg4 11. f3 Bd7 12. a4 Qc8 13. Nd3 Bh3 14. g4 Bxg2 15. Kxg2 Ne8
16. Bg5 f6 17. Be3 f5 18. h3 f4 19. Bf2 h5 20. gxh5 gxh5 21. Kh2 Kh7 22. Rg1 Nf6
23. Qe2 Rg8 24. Rg2 Qd7 25. Rag1 Bh6 26. Bh4 Raf8 27. Bxf6 Rxf6 28. Rxg8 Nxg8
29. Qg2 Ne7 30. a5 Rg6 31. Qf2 Rxg1 32. Qxg1 Ng6 33. Ne1 Qd8 34. Ng2 Qxa5 35.
Qd1 Qb4 36. Qe2 Bg5 37. Nb5 Be7 38. Nc7 Nh4 39. Ne6 a6 40. Nxh4 Bxh4 41. Kg2 b5
42. Nc7 bxc4 43. Ne6 a5 44. Kf1 a4 45. Nc7 c3 46. bxc3 Qb1+ 47. Kg2 a3 48. Ne6
a2 49. Qa6 Qb2+ 0-1

[Event "Titled Tue 20th May Late"]
[Site "chess.com INT"]
[Date "2025.05.20"]
[Round "1"]
[White "Andrade, Ivan"]
[Black "Altini, Nicola"]
[Result "0-1"]
[WhiteTitle "FM"]
[BlackTitle "IM"]
[WhiteElo "2161"]
[BlackElo "2357"]
[WhiteFideId "14800039"]
[BlackFideId "833924"]
[EventDate "2025.05.20"]

1. e4 c5 2. Nf3 g6 3. d4 cxd4 4. Nxd4 Bg7 5. c4 Nc6 6. Be3 Nf6 7. Nc3 Ng4 8.
Qxg4 Nxd4 9. Qd1 e5 10. Bd3 O-O 11. O-O d6 12. Qd2 Be6 13. b3 a6 14. Rab1 Qa5
15. Rfd1 Rfc8 16. Nd5 Qxd2 17. Bxd2 Bxd5 18. cxd5 a5 19. Rdc1 b6 20. f3 f5 21.
Rxc8+ Rxc8 22. Rc1 Rxc1+ 23. Bxc1 Kf7 24. Be3 Kf6 25. Kf2 h5 26. Ke1 f4 27. Bd2
g5 28. Bc3 g4 29. Bxd4 exd4 30. Kf2 Kg5 31. Bb5 Be5 32. g3 h4 33. gxh4+ Kxh4 34.
fxg4 Kxg4 35. Bf1 f3 36. h3+ Kf4 37. Bc4 Bf6 38. Bd3 Bh4+ 39. Kf1 Ke3 40. Bb1 d3
41. e5 d2 0-1

[Event "Titled Tue 20th May Late"]
[Site "chess.com INT"]
[Date "2025.05.20"]
[Round "1"]
[White "Ahmad, Khagan"]
[Black "Khanbutaev, Artemii"]
[Result "1-0"]
[WhiteTitle "IM"]
[WhiteElo "2405"]
[BlackElo "2059"]
[WhiteFideId "13431552"]
[BlackFideId "55747175"]
[EventDate "2025.05.20"]

1. e4 e5 2. Nf3 Nc6 3. Bb5 a6 4. Ba4 Nf6 5. O-O Be7 6. Re1 b5 7. Bb3 d6 8. c3
Na5 9. Bc2 c5 10. d4 Qc7 11. Nbd2 O-O 12. d5 c4 13. Nf1 Bd7 14. h3 Rfc8 15. g4
g6 16. Be3 Nb7 17. Ng3 Nc5 18. Kh2 a5 19. Rg1 b4 20. Qd2 Qb7 21. Nf5 Bxf5 22.
gxf5 Ncxe4 23. Bxe4 Nxe4 24. Qc2 Qxd5 25. Rad1 Qb7 26. fxg6 hxg6 27. Rg4 Nf6 28.
Rxg6+ fxg6 29. Qxg6+ Kh8 30. Ng5 Rf8 31. Rg1 Ra7 32. Ne6 Rg8 33. Qh6+ Nh7 34.
Rxg8+ Kxg8 35. Qg7# 1-0

[Event "Titled Tue 20th May Late"]
[Site "chess.com INT"]
[Date "2025.05.20"]
[Round "1"]
[White "Eames, Robert S"]
[Black "Anciaux, Adrien"]
[Result "0-1"]
[WhiteTitle "FM"]
[BlackTitle "FM"]
[WhiteElo "2136"]
[BlackElo "2207"]
[WhiteFideId "408743"]
[BlackFideId "257931"]
[EventDate "2025.05.20"]

1. e4 Nc6 2. Nf3 f5 3. exf5 d5 4. d4 Bxf5 5. Bd3 e6 6. O-O Nf6 7. Bxf5 exf5 8.
Re1+ Be7 9. Ng5 Qd7 10. Ne6 Kf7 11. Ng5+ Kg6 12. Ne6 Bd6 13. Nf4+ Kf7 14. c3
Rae8 15. Nd3 Rxe1+ 16. Qxe1 Re8 17. Qd1 Qe6 18. Nd2 Kg8 19. Nf3 Na5 20. Nfe5 Nc4
21. f4 Ne4 22. Qe1 c6 23. b3 Na3 24. b4 Nc4 25. Nxc4 dxc4 26. Ne5 Bxe5 27. fxe5
Ra8 28. a4 Qd5 29. Bf4 a5 30. bxa5 Rxa5 31. g4 fxg4 32. Rb1 b5 33. axb5 cxb5 34.
Qh4 Ra2 35. Qe7 Nf6 0-1

[Event "Titled Tue 20th May Late"]
[Site "chess.com INT"]
[Date "2025.05.20"]
[Round "1"]
[White "Claverie, Christophe"]
[Black "Naroditsky, Daniel"]
[Result "0-1"]
[WhiteTitle "IM"]
[BlackTitle "GM"]
[WhiteElo "2290"]
[BlackElo "2619"]
[WhiteFideId "605514"]
[BlackFideId "2026961"]
[EventDate "2025.05.20"]

1. d4 Nf6 2. Bg5 Ne4 3. Bf4 Nc6 4. f3 Nf6 5. e4 d5 6. e5 Nd7 7. Be3 Nb6 8. c3
Bf5 9. Nd2 e6 10. f4 h5 11. Be2 h4 12. Ngf3 Be7 13. b3 Qd7 14. a4 a5 15. Bb5 f6
16. Qe2 Nc8 17. O-O N8a7 18. Bd3 Bxd3 19. Qxd3 f5 20. Kf2 Nc8 21. Ke2 Nb6 22.
Rh1 O-O-O 23. Nb1 Qe8 24. Na3 Qg6 25. Kf2 h3 26. g3 Qh5 27. Nb5 Kb8 28. Rhg1
Rhf8 29. Qe2 Qg4 30. Ng5 Bxg5 31. fxg5 Qe4 32. Rac1 f4 33. gxf4 Rxf4+ 34. Bxf4
Qxf4+ 35. Qf3 Qd2+ 36. Kg3 Qxg5+ 37. Kf2 Qd2+ 38. Kg3 Ne7 0-1